The government's record on housing: evidence from the ROOF inspection (Record no. 118283)

MARC details
000 -LEADER
fixed length control field 01206cam a2200265 4500
001 - CONTROL NUMBER
control field ABS68436
008 - FIXED-LENGTH DATA ELEMENTS--GENERAL INFORMATION
fixed length control field 041109n2004 000 0 eng u
035 ## - SYSTEM CONTROL NUMBER
System control number (Sirsi) u127927
245 #4 - TITLE STATEMENT
Title The government's record on housing: evidence from the ROOF inspection
260 ## - PUBLICATION, DISTRIBUTION, ETC.
Date of publication, distribution, etc. 2004
490 ## - SERIES STATEMENT
Series statement Roof
Volume/sequential designation 29(5)November/December 2004, 21-29(9)
520 ## - SUMMARY, ETC.
Summary, etc. Provides an executive summary of "Roof's" inspection of the government record on housing, its assessment of the prospects for a third term and its offer of guidance to aid improvement. The inspection covers six key areas: welfare, homelessness, social housing, the housing market, neighbourhoods and devolution. It has taken an evidence-based approach, analysing government strengths and weaknesses through scrutinising policy pledges and statistics and recommends important drivers for improvement. Includes tables of data illustrating each key area.
590 ## - LOCAL NOTE (RLIN)
Local note ABS
590 ## - LOCAL NOTE (RLIN)
Local note ABS
650 ## - SUBJECT ADDED ENTRY--TOPICAL TERM
Topical term or geographic name entry element HOMELESSNESS
650 ## - SUBJECT ADDED ENTRY--TOPICAL TERM
Topical term or geographic name entry element NORTHERN IRELAND
650 ## - SUBJECT ADDED ENTRY--TOPICAL TERM
Topical term or geographic name entry element WALES
650 ## - SUBJECT ADDED ENTRY--TOPICAL TERM
Topical term or geographic name entry element DEVOLUTION
650 ## - SUBJECT ADDED ENTRY--TOPICAL TERM
Topical term or geographic name entry element SCOTLAND
650 ## - SUBJECT ADDED ENTRY--TOPICAL TERM
Topical term or geographic name entry element SOCIAL HOUSING
650 ## - SUBJECT ADDED ENTRY--TOPICAL TERM
Topical term or geographic name entry element RESIDENTIAL MARKET
650 ## - SUBJECT ADDED ENTRY--TOPICAL TERM
Topical term or geographic name entry element WELFARE
690 ## - LOCAL SUBJECT ADDED ENTRY--TOPICAL TERM (OCLC, RLIN)
Topical term or geographic name as entry element HOUSING
942 ## - ADDED ENTRY ELEMENTS (KOHA)
Suppress in OPAC 0
Holdings
Withdrawn status Lost status Source of classification or shelving scheme Damaged status Not for loan Home library Current library Shelving location Date acquired Total Checkouts Full call number Barcode Date last seen Copy number Price effective from Koha item type
    Dewey Decimal Classification     London London Journal article 09/11/2004   ABS68436 127927-1001 06/08/2019 1 06/08/2019 Journal article